000 01013nam a2200265 i 4500
001 181356
003 ES-MaACL
005 20250825062634.0
008 121213s1989 sp a |||| | spa d
020 _a84-85354-27-2
080 _a087.5:82
100 1 _aSchmid, Christoph von,
_d1768-1854
_9104449
245 1 4 _aLos huevos de Pascua /
_cC. de Schmid ; ilustraciones de Ferdinand Staeger ; prólogo y traducción de Carmen Bravo-Villasante.
260 _aPalma de Mallorca :
_bJosé J. de Olañeta,
_c[1989]
300 _a83 p. :
_bil. ;
_c17 cm.
490 1 _aLos jóvenes bibliófilos
655 7 _aLibros infantiles
_2tgfbne
_9226786
700 1 _aStaeger, Ferdinand.
_9151972
700 1 _aBravo-Villasante, Carmen,
_d1918-1994
_931507
830 0 _aLos jóvenes bibliófilos
_9177368
852 _aES-MaACL
_jA-12410
_9188240
_bR.148569
_cDEPO1
_dOlim: N-5415
_xDonación: Pilar Fernández
903 _aFernández Vera, Pilar,
_d1961-
_ednr
_949420
942 _2udc
_cMONOGRAFIA
999 _c181356
_d181356